Món ăn chay chế biến từ đậu hũ

Guardat en:
Dades bibliogràfiques
Autor principal: Quách, Xuân Vinh
Format: Llibre
Idioma:Undetermined
Publicat: Hà Nội Phụ nữ 2001
Matèries:
Etiquetes: Afegir etiqueta
Sense etiquetes, Sigues el primer a etiquetar aquest registre!
Thư viện lưu trữ: Trung tâm Học liệu Trường Đại học Cần Thơ
LEADER 00557nam a2200193Ia 4500
001 CTU_95671
008 210402s9999 xx 000 0 und d
020 |c 14000 
082 |a 641.5 
082 |b V312/T.2 
100 |a Quách, Xuân Vinh 
245 0 |a Món ăn chay chế biến từ đậu hũ 
245 0 |c Quách Xuân Vinh; Nguyễn Xuân Quý dịch 
260 |a Hà Nội 
260 |b Phụ nữ 
260 |c 2001 
650 |a Cookery 
904 |i Tuyến 
980 |a Trung tâm Học liệu Trường Đại học Cần Thơ